F1 2023 Laps Led - Statistics

General Stats
  • This quiz has been taken 46 times
  • The average score is 8 of 10
Answer Stats
Hint Answer % Correct
1003 Max Verstappen
100%
146 Sergio Pérez
93%
77 Carlos Sainz
88%
41 Charles Leclerc
88%
30 Lando Norris
88%
13 Lewis Hamilton
85%
6 George Russell
80%
5 Yuki Tsunoda
68%
1 Oscar Piastri
63%
3 Fernando Alonso
59%
No matching quizzes found
Score Distribution
Percent of People with Each Score
Percentile by Number Answered
Your Score History
You have not taken this quiz